[Event "Oberliga Bayern 9596"]
[White "Joerg, Harald"]
[Black "Menningen, Reiner"]
[Site "Bayern"]
[Round "?"]
[Result "1-0"]
[Date "1996.??.??"]
[WhiteElo "2345"]
[BlackElo "2165"]
[PlyCount "115"]
[EventDate "1995.10.15"]
[EventType "team-tourn"]
[EventRounds "9"]
[EventCountry "GER"]
[SourceTitle "EXT 2020"]
[Source "ChessBase"]
[SourceDate "2019.10.17"]
[SourceVersion "1"]
[SourceVersionDate "2019.10.17"]
[SourceQuality "1"]
[WhiteTeam "Muenchen Siemens"]
[BlackTeam "Muenchen FC Bayern"]
[WhiteTeamCountry "GER"]
[BlackTeamCountry "GER"]

1. e4 d5 2. exd5 Qxd5 3. Nc3 Qa5 4. Bc4 Bf5 5. Nge2 Nf6 6. 0-0 e6 7. d3 c6 8. Ng3 Nbd7 9. Bd2 Bg6 10. Nd5 Qd8 11. Nf4 Nd5 12. Nxd5 cxd5 13. Bxd5 Qc7 14. Bf3 Bd6 15. Re1 h5 16. Bc3 0-0-0 17. Qe2 h4 18. Nf1 Bf5 19. h3 Rh6 20. Ne3 g5 21. Nc4 Bh2+ 22. Kh1 f6 23. Ne3 Ne5 24. Nxf5 exf5 25. Bxe5 Bxe5 26. c3 g4 27. hxg4 Bg3 28. Qe6+ Kb8 29. Qe7 Bxf2 30. Qxc7+ Kxc7 31. Re7+ Kd6 32. Re2 fxg4 33. Bxg4 Bg3 34. Rf1 Rg6 35. Bh3 a5 36. d4 b6 37. Re6+ Kc7 38. Kg1 Rd6 39. Rxd6 Kxd6 40. Rf5 Ke7 41. Kf1 Rg5 42. Rf3 a4 43. Bf5 Bd6 44. c4 Rg3 45. Rxg3 hxg3 46. Ke2 Bf4 47. Kd3 Bc1 48. b3 axb3 49. axb3 Ba3 50. Kc3 Kd6 51. b4 Kc6 52. Be4+ Kc7 53. c5 Bc1 54. Kc4 Be3 55. d5 bxc5 56. bxc5 Bf4 57. Bf5 Be5 58. d6+ 1-0